Baltimore Ravens Starters 2019 - Statistics

General Stats
  • This quiz has been taken 414 times
    329 since last reset
  • The average score is 12 of 25
Answer Stats
Position Answer % Correct
QB Lamar Jackson
100%
WR Hollywood Brown
86%
TE Mark Andrews
84%
RT Orlando Brown Jr
82%
HB Mark Ingram
80%
K Justin Tucker
79%
CB Marlon Humphrey
72%
LT Ronnie Stanley
61%
WR Willie Snead IV
59%
P Sam Koch
57%
RG Marshal Yanda
56%
FS Earl Thomas III
54%
CB Jimmy Smith
49%
OLB Matt Judon
48%
DT Brandon Williams
43%
NT Michael Pierce
34%
WR Miles Boykin
34%
C Matt Skura
26%
SS Tony Jefferson
26%
ILB Kenny Young
24%
CB Tavon Young
24%
ILB Patrick Onwuasor
16%
LG Alex Lewis
11%
OLB Jaylon Ferguson
10%
DE Willie Henry
4%
No matching quizzes found
Score Distribution
Percent of People with Each Score
Percentile by Number Answered
Your Score History
You have not taken this quiz since the last reset